MLB Players by Picture - Statistics

General Stats
  • This quiz has been taken 291 times
  • The average score is 8 of 9
Answer Stats
Picture Answer % Correct
Aaron Judge
99%
Mike Trout
99%
Clayton Kershaw
97%
Jose Altuve
97%
Manny Machado
97%
Pete Alonso
97%
Justin Verlander
93%
Nolan Arenado
89%
Gleyber Torres
76%
No matching quizzes found
Score Distribution
Percent of People with Each Score
Percentile by Number Answered
Your Score History
You have not taken this quiz